Quel est ce titre de Hamza ? - Statistiques

Statistiques générales
  • Ce quiz a été pris 297 fois
  • Le résultat moyen est 5 sur 8
Statistiques - réponses
Hint Réponse % Correct
Ma nouvelle bitch, elle a la trentaine, j'lui fais que du saleAppartement, nouveau penthouse, ça dit quoi, le sang ? Scam, scam, dis-nous c'que tu veux, tout à part le temps La Rolls Royce devant le Nobu, Château d'Versailles Codéine 19
88%
C'est fini d'détailler les barrettes (Yeah), ils sont jaloux, je sais, mais jE m'en bats les c' (Yeah)Elle veut jump avec moi sur ma planète (Yeah), son boule et ses titties sont balaises (Yeah) Elle aime les sacs, j'aime les mallettes (Yeah), elle veut les bijoux, les paillettes (Yeah) KYKY2BONDY
80%
Sac Hermès dans la chambreJ'ai quatre cinq balles dans la chambre Avec la muerte, on danse, de billets violets, on pense Quatre cinq you-vois dans l'club Quatre cinq autos et l'gun Mi Amor
80%
Je sais qu'ça t'fait du malTomber du ciel si c'tait pas comme tomber sous ton charme Tu sais qu'ils veulent voir mon sang couler comme tes dernières larmes Avant qu'ma money crame Avant qu'ils prennent mon âme Life
78%
Bébé, la cuenta, c'est pour moi, ne t'inquiètes pas (Esta bien)Avec moi la noche est dolce comme Gabbana (Esta bien) Mami dimelo si tu veux du sale Murder
56%
Billets violets dans le LV (Ouh-woah-woah)Y a du Henny, y a du Rosé, y a du champagne (Ouh-woah-woah) T'as perdu la raison, je le sais Dans la banque, rien qu'ça fait des gros retraits, sans regrets Dans le club, yeah, j'suis en CDG, en mode PDG Au bout de la nuit
44%
Baby, j'ai câblé pour toiSans intérêt, me d'mande pas pourquoi Ce soir, j'innove, j'fume la zaza Un tas de tourments qui m'suivent et qui m'suivront pour l'reste de ma life Nocif
32%
Lettre à mes haineux, tous mes haineuxSi tu roules avec un haineux, c'est que toi-même, t'es un haineux, woah Un homme qui pense à pouvoir un jour monter sur ma tête C'est un homme qui s'trouve depuis un putain d'moment sous mes pieds Ma Réalité
27%
Aucun quiz correspondant
Distribution des résultats
% des personnes avec chaque résultat
Percentile par nombre de réponses
Votre historique - résultats
Vous n’avez pas pris ce quiz